000 00506nam a2200205Ia 4500
001 13491
003 GE_BSU
008 181216s||||||||xx |||||||||||||| ||und||
040 _cGE_BSU
080 _a821.111.09
100 _aCarlyle,Thomas
245 _aEssays. Critical and Miscellaneous. Vol.5
245 _bIn Seven volumes vol.5
260 _aМосква
260 _bChampan and Hall
260 _c1872
300 _a276р.17см.
653 _aEssays. Critical and Miscellaneous
942 _cBK
999 _c46650
_d46650